000 00839cam a2200301 4500
001 12125
003 BD-RjUL
005 20211208235235.0
008 140128s1971 nyuab 00| 0 eng d
020 _a0471020540
035 _aMITb10232625
035 _a(OCoLC)00125863
035 _a(BD-RjUL)12174
040 _aDLC
_cDLC
_dGXM
_dBD-RjUL
_beng
041 _aeng
082 0 _a 576.15
_bALM 1971
099 _aQR100.A4
100 1 _aAlexander, Martin,
_d1930-
_937554
245 1 0 _aMicrobial ecology /
_cBy Martin Alexander.
260 _aNew York;
_alondon:
_bJohn Wiley & sons ,inc
_c1971
300 _ax, 511 p.
_billus., maps.
_c24 cm.
504 _aIncludes bibliographies.
650 0 _aMicrobial ecology.
_937555
942 _2ddc
_cBK
949 _aMYGS
_b39080003056121
999 _c12125
_d12125